Online
Catalog

Leyes generales para el gobierno de la G...O...U... De O..F...En .. A.... / (Record no. 32264)

MARC details
000 -CABECERA
campo de control de longitud fija 01148nam a2200253 a 4500
001 - NÚMERO DE CONTROL
campo de control 000032773
005 - FECHA Y HORA DE LA ÚLTIMA TRANSACCIÓN
campo de control 20200930065826.0
008 - DATOS DE LONGITUD FIJA--INFORMACIÓN GENERAL
campo de control de longitud fija 100222s1921 dr 001 0 spa d
040 ## - FUENTE DE LA CATALOGACIÓN
Centro catalogador/agencia de origen DO-SdBNP
Lengua de catalogación spa
Centro/agencia transcriptor BNPHU
082 ## - NÚMERO DE LA CLASIFICACIÓN DECIMAL DEWEY
Número de clasificación xxxx
Número de documento/Ítem R426l
049 ## - FONDOS LOCALES (OCLC)
Fondos de biblioteca BNPD
110 1# - ENTRADA PRINCIPAL--NOMBRE DE ENTIDAD CORPORATIVA
Nombre de entidad corporativa o nombre de jurisdicción como elemento de entrada República Dominicana
9 (RLIN) 447
240 13 - TÍTULO UNIFORME
Título uniforme [Leyes etc.]
245 10 - MENCIÓN DE TÍTULO
Título Leyes generales para el gobierno de la G...O...U... De O..F...En .. A.... /
Mención de responsabilidad, etc. recopiladas por Edward H. Morris ; traductores P. M. V. P. Issac Flores, José N. Mao Kay, Mario E. Mazara y E. Arturo Alardo.
260 ## - PUBLICACIÓN, DISTRIBUCIÓN, ETC.
Lugar de publicación, distribución, etc. La Romana, República Dominicana :
Nombre del editor, distribuidor, etc. Imprenta "La Tarde",
Fecha de publicación, distribución, etc. 1921 cm.
300 ## - DESCRIPCIÓN FÍSICA
Extensión 125 p. : ;
Dimensiones 18 cm.
500 ## - NOTA GENERAL
Nota general Comisión ejecutiva de 1920 y 1922
500 ## - NOTA GENERAL
Nota general Redactadas por las Asambleas anuales y bienales celebradas en América desde el año 1845 hasta 1914 inclusive, con partes escojidas en las leyes generales inglesas y decisiones del S. G. A. de 1902 a 1907
700 1# - PUNTO DE ACCESO ADICIONAL--NOMBRE DE PERSONA
Nombre de persona Morris, Edward H.
9 (RLIN) 58602
700 1# - PUNTO DE ACCESO ADICIONAL--NOMBRE DE PERSONA
Nombre de persona Flores, Issac
Término indicativo de función/relación tr.
9 (RLIN) 58603
700 1# - PUNTO DE ACCESO ADICIONAL--NOMBRE DE PERSONA
Nombre de persona Mao Kay, José N.
Término indicativo de función/relación tr.
9 (RLIN) 58604
700 1# - PUNTO DE ACCESO ADICIONAL--NOMBRE DE PERSONA
Nombre de persona Mazara, Mario E.
Término indicativo de función/relación tr.
9 (RLIN) 58605
700 1# - PUNTO DE ACCESO ADICIONAL--NOMBRE DE PERSONA
Nombre de persona Alardo, E. Arturo
Término indicativo de función/relación tr.
9 (RLIN) 58606
Holdings
Estado de retiro Estado de pérdida No para préstamo Código de colección Localización permanente Ubicación/localización actual Ubicación en estantería Fecha de adquisición Número de inventario Total de préstamos Signatura topográfica completa Código de barras Fecha visto por última vez Precio válido a partir de Tipo de ítem Koha
    Excluido de préstamo Patrimonio Dominicano Patrimonio Dominicano Patrimonio Dominicano En catalogación 26.07.2011 LF1   xxxx R426l 32773-10 25.06.2020 25.06.2020 Libro y Folleto Colección Patrimonio Dominicano

Powered by Koha